Estudio de prefactibilidad para la instalación de Mini- Supermercado en el municipio de Tisma departamento de Masaya

Presenta el estudio de prefactibilidad para la instalación de Mini- Supermercado en el municipio de Tisma departamento de Masaya, mediante un estudio de mercado con el propósito de calcular la demanda para la adquisición de los productos en el nuevo establecimiento, así mismo un estudio técnico...

Full description

Bibliographic Details
Main Authors: Loaisiga López, Edel del Rosario, Altamirano Toruño, Porfirio Gamaliel, Aguilar Mejía, Nadia Joseline
Other Authors: Tutor: López Artola, Fernando José
Format: Tesis Section = Libro
Language:Undetermined
Spanish
Published: Managua UNI 2014
Subjects:
LEADER 01426nam a2200289Ia 4500
008 240830s9999 xx 000 0 und d
040 |a BIBLIOTECA-RUPAP Mon 658.11 L795 
041 |a spa 
082 |a Mon 658.11 L795 
100 1 |a Loaisiga López, Edel del Rosario 
100 1 |b  Altamirano Toruño, Porfirio Gamaliel 
100 1 |c  Aguilar Mejía, Nadia Joseline 
245 1 0 |a Estudio de prefactibilidad para la instalación de Mini- Supermercado en el municipio de Tisma departamento de Masaya 
260 |a Managua  |b UNI  |c 2014 
300 |a 210 p. :il. 
500 |a Contiene: anexos y CD. 
502 |a Tesis (Ingeniero Industrial)- UNI, 2014. 
520 3 |a Presenta el estudio de prefactibilidad para la instalación de Mini- Supermercado en el municipio de Tisma departamento de Masaya, mediante un estudio de mercado con el propósito de calcular la demanda para la adquisición de los productos en el nuevo establecimiento, así mismo un estudio técnico para obtener la posición más óptima y un estudio financiero para obtener la inversión inicial y los costos de operación. 
650 7 |a ESTUDIO DE PREFACTIBILIDAD - INVESTIGACION 
650 7 |b ESTUDIO DE MERCADO 
650 7 |c ESTUDIO TECNICO DEL PROYECTO 
650 7 |d ESTUDIO FINANCIERO 
650 7 |e NUEVAS EMPRESAS DE NEGOCIOS 
700 1 |a Tutor:  |b López Artola, Fernando José 
942 |c BK  |2 ddc 
991 |a TESIS 
999 |c 16942